Ciudad educadora: una perspectiva politica desde la complejidad [documento web] /
Guardado en:
| Autor Principal: | |
|---|---|
| Formato: | Libro |
| Publicado: |
España :
Organización de los Estados Iberoamericanos,
2002
|
| Etiquetas: |
Agregar Etiqueta
Sin Etiquetas, Sea el primero en etiquetar este registro!
|
| LEADER | 00477nam a22001455a 4500 | ||
|---|---|---|---|
| 001 | CEM.cems011034 | ||
| 005 | 20060214000000.0 | ||
| 008 | 130507s2002##################000#0#####d | ||
| 003 | CEMS | ||
| 082 | 0 | 4 | |a F370 |
| 100 | 1 | |a Rodriguez, Jahir | |
| 245 | 1 | 0 | |a Ciudad educadora: una perspectiva politica desde la complejidad [documento web] / |
| 260 | |a España : |b Organización de los Estados Iberoamericanos, |c 2002 | ||
| 300 | |a 19 p.1 | ||
| 859 | |a CEMS |b BIB. CEMS - 11 de abril |h F370 |i 98 |p 1869.44 |t Ej.1 | ||
